ბათუმის შოთა რუსთაველის სახელმწიფო უნივერსიტეტის ბიბლიოთეკა

რჩეული თხზულებანი 4 ტომად. ტ.4 (ბიბ.ჩანაწერი № 48403)

000 -LEADER
fixed length control field 00776nam a2200217Ia 4500
001 - CONTROL NUMBER
control field 15295
003 - CONTROL NUMBER IDENTIFIER
control field GE_BSU
008 - FIXED-LENGTH DATA ELEMENTS--GENERAL INFORMATION
fixed length control field 181216s||||||||xx |||||||||||||| ||und||
040 ## - CATALOGING SOURCE
Transcribing agency GE_BSU
080 ## - UNIVERSAL DECIMAL CLASSIFICATION NUMBER
Universal Decimal Classification number 821.353.1+821.353.1-343+821.353.1-11
100 ## - MAIN ENTRY--PERSONAL NAME
Personal name შანშიაშვილი,სანდრო
245 ## - TITLE STATEMENT
Title რჩეული თხზულებანი 4 ტომად. ტ.4
245 ## - TITLE STATEMENT
Remainder of title ლეგენდები და პოემები
260 ## - PUBLICATION, DISTRIBUTION, ETC.
Place of publication, distribution, etc. თბილისი
260 ## - PUBLICATION, DISTRIBUTION, ETC.
Name of publisher, distributor, etc. საბჭოთა საქართველო
260 ## - PUBLICATION, DISTRIBUTION, ETC.
Date of publication, distribution, etc. 1964
300 ## - PHYSICAL DESCRIPTION
Extent 220გვ.23სმ.
653 ## - INDEX TERM--UNCONTROLLED
Uncontrolled term ლეგენდები და პოემები
653 ## - INDEX TERM--UNCONTROLLED
Uncontrolled term რჩეული თხზულებანი
942 ## - ADDED ENTRY ELEMENTS (KOHA)
Koha item type წიგნი
ეგზემპლარები
Withdrawn status Lost status Damaged status Not for loan Date acquired Barcode Date last seen Price effective from Koha item type
        2018-12-17 38052 2018-12-17 2018-12-17 წიგნი